Escrituras torcidas : ensayos de crítica queer /

Conjunto de análisis sobre la representación de la homosexualidad masculina en algunas obras de la literatura y el cine español del siglo XX, tarea para la que su autor hace uso de los conceptos centrales de los estudios gays y la Queer Theory, expresión que ha sido traducida al español como "teoría...

Täydet tiedot

Tallennettuna:
Bibliografiset tiedot
Päätekijä: Martínez Expósito, Alfredo (autor)
Aineistotyyppi: Kirja
Kieli:espanja
Julkaistu: Barcelona, España : Laertes, 2004, c2004
Sarja:(Rey de Bastos ; 44)
Aiheet:
Tagit: Lisää tagi
Ei tageja, Lisää ensimmäinen tagi!

MARC

LEADER 00000nam^a2200000^a^4500
001 000181125
005 20250521000000.0
009 20260310101922.456
020 |a 84-7584-542-8 
037 |a Acervo ITESO - Biblioteca 
041 |a ESP 
082 |a 860. 94608  |b MAR 
100 |a Martínez Expósito, Alfredo  |e (autor) 
245 1 0 |a Escrituras torcidas :  |b ensayos de crítica queer /  |c A. Martínez Expósito. 
264 4 |a Barcelona, España :  |b Laertes,  |c 2004, c2004 
300 |a 263 p. 
336 |a texto  |b txt  |2 rdacontenido 
337 |a sin mediación  |b n  |2 rdamedio 
338 |a volumen  |b nc  |2 rdasoporte 
440 1 |a (Rey de Bastos ;  |v 44) 
520 |a Conjunto de análisis sobre la representación de la homosexualidad masculina en algunas obras de la literatura y el cine español del siglo XX, tarea para la que su autor hace uso de los conceptos centrales de los estudios gays y la Queer Theory, expresión que ha sido traducida al español como "teoría torcida", surgidos y desarrollados principalmente en el ámbito anglosajón. Tras una revisión de la Queer Theory y sus posibilidades como herramienta teórica y metodológica en el contexto de la cultura española, son examinados dos textos de Juan Gil-Abert y la obra literaria de Alvaro Pombo, la figura del gay en la comedia fílmica española de la década de 1970, el tratamiento del cuerpo en las películas de Pedro Almodóvar y la construcción visual de los personajes gays en el cine español durante los años 1990. 
586 |a Premio Miguel de Cervantes 2024: Biografías, crítica e interpretación 
586 |a Premio Príncipe de Asturias de las Artes 2006: Biografías, crítica e interpretación 
649 |a XX 
650 |a Escritores Españoles 
650 |a Cineastas Españoles 
650 |a Homosexuales en la Literatura -  |z España -  |x Historia y Crítica -  |x Tema Principal 
650 |a Hombres en la Literatura -  |z España -  |x Historia y Crítica -  |x Tema Principal 
650 |a Homosexuales en el Cine -  |z España -  |x Historia y Crítica -  |x Tema Principal 
650 |a Hombres en el Cine -  |z España -  |x Historia y Crítica -  |x Tema Principal 
650 |a Poesía Española -  |x Historia y Crítica 
650 |a Cuentos Españoles -  |x Historia y Crítica 
650 |a Novela Española -  |x Historia y Crítica 
650 |a Literatura Gay y Lésbica -  |z España -  |x Historia y Crítica -  |x Tema Principal 
650 |a Literatura Gay y Lésbica -  |x Historia y Crítica 
650 |a Literatura Española -  |x Historia y Crítica 
650 |a Literatura Española -  |y Siglo XX 
650 |a Comedias Cinematográficas -  |z España -  |x Historia y Crítica 
650 |a Cine Gay y Lésbico -  |z España -  |x Historia y Crítica -  |x Tema Principal 
650 |a Cine Gay y Lésbico -  |x Historia y Crítica 
650 |a Cine Español -  |x Historia y Crítica 
650 |a Cine Español -  |y Siglo XX 
650 |a Queer Theory 
650 |a Almodóvar, Pedro 
650 |a Gil-Albert, Juan 
650 |a Pombo, Alvaro 
910 |a Fondo General 
920 |a Impresos - Libros 
930 |a Colección General 
940 |a Literatura 
905 |a 101 
901 |a 0500120839  |b IT1  |c LIT  |u 20250521 
902 |a https://opac.biblio.iteso.mx/vufind/Record/000181125